| 000 | 00821nmm a2200265 a 4500 | ||
|---|---|---|---|
| 001 | ocm000651467 | ||
| 003 | TR-IsHL | ||
| 005 | 20201028141445.0 | ||
| 008 | 131226s2002 tu tur | ||
| 007 | cr cn | ||
| 020 | _a9789758606214 | ||
| 035 |
_a651467 _b(N$T) |
||
| 050 | 0 | 4 |
_aHB171.5 _b.P37 2002 |
| 090 | 0 | 4 |
_aHB171.5 _b.P37 2002 |
| 100 | 1 | _aParasız, İlker | |
| 245 | 1 | 0 |
_aİşletmeler ve yöneticiler için fırsat _h[electronic resource] / _cİlker Parasız |
| 260 |
_aBursa : _bEzgi Kitabevi, _c2002 |
||
| 300 | _a480 p. | ||
| 650 | 4 | _aEkonomi ve Finans | |
| 650 | 4 | _aEconomics and Finance | |
| 650 | 0 | _aEkonomi | |
| 650 | 0 | _aEconomy | |
| 650 | 7 |
_aBUSINESS & ECONOMICS / Management _2bisacsh |
|
| 856 | 4 | 0 | _uhttp://search.ebscohost.com/login.aspx?direct=true&scope=site&db=e011xww&AN=651467 |
| 999 |
_c7828 _d7828 |
||